L' impero da Tiberio agli Antonini
Tallennettuna:
| Päätekijä: | |
|---|---|
| Aineistotyyppi: | Kirja |
| Kieli: | italia |
| Julkaistu: |
Bolonia
Licinio Cappelli
1960
|
| Sarja: | Storia di Roma, 6
|
| Aiheet: | |
| Tagit: |
Lisää tagi
Ei tageja, Lisää ensimmäinen tagi!
|
MARC
| LEADER | 00000cam a2200000 a 4500 | ||
|---|---|---|---|
| 001 | UCG9864 | ||
| 003 | CL-VaPUC | ||
| 008 | 120412e19601000IT |||||||||||||||||ita|d | ||
| 082 | 0 | 4 | |a 937.01 |b GAR |2 21 |
| 100 | 0 | |a Garzetti, Albino |e author |9 561586 | |
| 245 | 1 | 3 | |a L' impero da Tiberio agli Antonini |
| 300 | |a v | ||
| 942 | |c BK | ||
| 945 | |d 20120412 00:00:00 |a dcastane | ||
| 260 | |a Bolonia |b Licinio Cappelli |c 1960 | ||
| 650 | 0 | |a Historia de Roma |9 315349 | |
| 650 | 0 | |a Imperio Romano |9 322785 | |
| 651 | 0 | |a Roma |9 255106 | |
| 583 | |a last modification |c 20120821 04:25:19 |k Rodrigo Vera | ||
| 490 | 0 | |a Storia di Roma, 6 | |
| 999 | |c 347392 |d 347390 | ||
| 952 | |0 0 |1 0 |4 0 |6 937_010000000000000_GAR_1960 |7 0 |8 A |9 448694 |a BIBHIS |b BIBHIS |d 2019-11-22 |h v.6 |i 4854543 |o 937.01 GAR 1960 |p 4854543 |r 2025-01-20 |w 2019-11-22 |y BK |k HIS | ||